Statistics for Friday the 13th characters

Click here to take the quiz!

General Stats

  • This quiz has been taken 5 times
  • The average score is 14 of 40

Answer Stats

Answer% Correct
Crazy Ralph
100%
Shelly
80%
Chewie
60%
Freddy Krueger
60%
Pamela Voorhees
60%
Roy Burns
60%
Roy Burns
60%
Tommy Jarvis
60%
Alice Hardy
40%
Chad Kensington
40%
Ginny
40%
Jason Voorhees
40%
Julius Gaw
40%
Kenny Riedell
40%
Paul Holt
40%
Rob Dier
40%
Rowan
40%
Savini Jason
40%
Trish Jarvis
40%
Uber Jason
40%
A.J. Mason
20%
Chris Higgins
20%
Clay Miller
20%
Deborah Kim
20%
Demon
20%
Jenny Myers
20%
Joey Burns
20%
Kay-Em 14
20%
Mitch Floyd
20%
Pam Roberts
20%
Reggie
20%
Sergeant Brodski
20%
Sheldon Finkelstein
20%
Ted
20%
Ted
20%
Tiffany Cox
20%
Tine Shepard
20%
Vanessa Jones
20%
Victoria Sterling
20%
Whitney Miller
20%

Score Distribution

Percentile by Number Answered

Percent of People with Each Score

Your Score History

You have not taken this quiz